[Event "UAE GP IQT"]
[Site "Dubai"]
[Date "2002.04.01"]
[Round "01"]
[White "Zeliakov, Nugzar"]
[Black "Chepukaitis, G"]
[Result "0-1"]
[WhiteElo "2000"]
[BlackElo "2402"]
[WhiteCountry "RUS"]
[BlackCountry "RUS"]
[Remark "0"]
[BoardID "466"]
[PresId "0002010101"]
 
1. d4 {00:25:15} b5 {00:25:19} 2. e4 {00:25:16} Bb7 {00:25:28} 
3. Bd3 {00:25:22} e6 {00:25:30} 4. Nf3 {00:25:22} c5 {00:25:29} 
5. c3 {00:25:13} a6 {00:25:29} 6. O-O {00:25:14} Nf6 {00:25:27} 
7. Re1 {00:24:22} Nc6 {00:25:22} 8. d5 {00:22:32} Ne7 {00:25:27} 
9. c4 {00:22:04} bxc4 {00:24:04} 10. Bxc4 {00:22:05} Ng6 {00:24:06} 
11. Nc3 {00:21:36} e5 {00:23:29} 12. d6 {00:19:08} Qb6 {00:22:00} 
13. Ng5 {00:16:25} Bxd6 {00:21:16} 14. Nxf7 {00:15:41} Be7 {00:20:23} 
15. Nxh8 {00:15:31} Nxh8 {00:20:31} 16. Nd5 {00:15:26} Bxd5 {00:20:18} 
17. Bxd5 {00:14:24} Rb8 {00:20:20} 18. Be3 {00:13:40} Ng6 {00:19:57} 
19. b4 {00:12:45} Qa7 {00:18:04} 20. Bxc5 {00:11:45} Bxc5 {00:18:11} 
21. bxc5 {00:11:53} Qxc5 {00:17:59} 22. Rc1 {00:11:43} Qa5 {00:17:20} 
23. Bb3 {00:11:32} Ke7 {00:17:14} 24. Qc2 {00:11:04} Rb4 {00:15:20} 
25. f3 {00:09:43} Nf4 {00:15:25} 26. Red1 {00:09:20} Rb5 {00:14:18} 
27. Qc4 {00:07:47} Ne6 {00:14:14} 28. g3 {00:07:06} Qb6+ {00:13:29} 
29. Kg2 {00:07:12} g5 {00:10:36} 30. Rd3 {00:06:37} Rc5 {00:10:25} 
31. Qxc5+ {00:03:52} Nxc5 32. Rdc3 {00:04:02} d6 
33. h3 {00:04:10} h5 {00:10:42} 34. Bd5 {00:02:44} Nxd5 35. exd5 Qb7 {00:10:24} 
36. R1c2 {00:01:54} Qxd5 {00:10:29} 37. Kf2 {00:01:59} g4 {00:10:32} 
38. hxg4 {00:01:41} hxg4 {00:10:40} 39. Ke1 Ke8 40. Kf2 Qe6 0-1

[Event "UAE GP IQT"]
[Site "Dubai"]
[Date "2002.04.01"]
[Round "01"]
[White "Novik, Maxim"]
[Black "Karjakin, Sergey"]
[Result "0-1"]
[WhiteElo "2466"]
[BlackElo "2460"]
[WhiteCountry "RUS"]
[BlackCountry "UKR"]
[Remark "0"]
[BoardID "621"]
[PresId "0002010102"]
 
1. c4 {00:25:16} e5 {00:25:05} 2. Nc3 {00:25:17} Nc6 {00:25:12} 
3. g3 {00:25:23} g6 {00:25:17} 4. Bg2 {00:25:30} Bg7 {00:25:25} 
5. Rb1 {00:25:28} a5 {00:25:15} 6. a3 {00:25:06} d6 {00:25:16} 
7. b4 {00:25:02} axb4 8. axb4 {00:25:11} f5 {00:25:15} 
9. d3 {00:23:08} Nf6 {00:25:02} 10. Bg5 {00:22:18} h6 {00:23:08} 
11. Bxf6 {00:22:15} Bxf6 {00:23:16} 12. Nd5 {00:20:02} Bg7 {00:23:18} 
13. Nf3 {00:19:05} O-O {00:21:55} 14. O-O {00:19:11} Ne7 {00:19:59} 
15. Nd2 {00:18:37} g5 {00:18:35} 16. Qc2 {00:16:23} f4 {00:15:44} 
17. c5 {00:15:42} Nf5 {00:13:50} 18. Nb3 {00:14:38} Kh8 {00:11:39} 
19. Rfc1 {00:13:30} Be6 {00:09:15} 20. cxd6 {00:13:14} cxd6 {00:09:20} 
21. Qc7 {00:10:48} Rf7 {00:08:53} 22. Qxd8+ {00:09:29} Rxd8 {00:09:01} 
23. b5 {00:08:55} g4 {00:07:11} 24. Be4 {00:08:33} Ne7 {00:06:55} 
25. Nc7 {00:07:18} Bxb3 {00:06:10} 26. Rxb3 {00:07:26} d5 {00:06:16} 
27. Bg2 {00:06:47} Rf6 {00:04:34} 28. d4 {00:03:30} fxg3 {00:03:34} 
29. hxg3 {00:02:20} e4 {00:03:40} 30. e3 {00:02:17} h5 {00:02:56} 
31. b6 {00:02:13} Bh6 {00:02:19} 32. Rc5 {00:02:12} Kg8 {00:01:41} 
33. Bf1 {00:02:13} Kf7 {00:01:43} 34. Be2 {00:01:55} Rfd6 {00:01:42} 
35. Rbb5 {00:01:59} h4 {00:01:21} 36. Bxg4 {00:01:25} hxg3 {00:01:16} 
37. Rb2 {00:01:24} Rg8 {00:00:55} 38. Bh5+ {00:01:30} Kf8 {00:00:59} 
39. Kf1 {00:01:09} Rf6 {00:00:57} 40. Nxd5 {00:01:11} Nxd5 {00:00:56} 
41. Rxd5 {00:01:18} Bxe3 {00:00:56} 42. Rd8+ Kg7 
43. Rxg8+ {00:01:11} Kxg8 {00:01:15} 44. Rc2 {00:00:42} Bxd4 {00:01:14} 
45. Kg1 {00:00:24} gxf2+ {00:01:19} 46. Kf1 {00:00:32} Rxb6 {00:01:26} 
47. Rc1 {00:00:32} Rh6 {00:01:29} 48. Bf3 {00:00:31} Rg6 {00:01:07} 
49. Bg2 {00:00:33} e3 {00:01:13} 50. Bd5+ {00:00:40} Kg7 {00:01:20} 
51. Ke2 {00:00:39} Rg1 {00:01:25} 52. Rf1 {00:00:39} b5 {00:01:33} 
53. Bc6 {00:00:40} b4 54. Ba4 {00:00:49} Kf6 55. Bb3 Ke5 56. Bc4 Bc5 {00:01:57} 
57. Kd1 {00:01:06} Kd4 {00:02:04} 58. Bb5 {00:01:11} b3 {00:02:11} 
59. Kc1 {00:01:18} Kc3 {00:02:18} 60. Kb1 {00:01:26} Rxf1+ {00:02:26} 
61. Bxf1 {00:01:34} Kd2 {00:02:35} 0-1

[Event "UAE GP IQT"]
[Site "Dubai"]
[EventDate "2002.04.01"]
[Round "02"]
[White "Karjakin, Sergey"]
[Black "Chepukaitis, G"]
[Result "1-0"]
[WhiteElo "2460"]
[BlackElo "2402"]
[WhiteCountry "UKR"]
[BlackCountry "RUS"]
[Remark "0"]
[BoardID "466"]
[PresId "0002020101"]

1. e4 e6 2. d4 d5 {00:25:28} 3. Nc3 {00:25:30} Nc6 {00:25:37}
4. Nf3 {00:25:34} Bb4 {00:25:44} 5. e5 {00:25:22} f6 {00:25:53}
6. a3 {00:25:12} Bxc3+ 7. bxc3 {00:25:21} fxe5 {00:26:10}
8. dxe5 {00:25:27} Nge7 {00:26:19} 9. Bd3 {00:25:31} h6 {00:26:28}
10. O-O {00:25:15} O-O {00:26:36} 11. Qe2 {00:25:07} Nf5 {00:26:39}
12. Rd1 {00:23:11} Bd7 {00:25:34} 13. c4 {00:22:16} Qe8 {00:23:46}
14. Bb2 {00:20:31} dxc4 {00:21:40} 15. Bxc4 {00:20:35} Na5 {00:21:44}
16. Bd3 {00:19:59} b6 {00:21:42} 17. Nd4 {00:18:22} Nxd4 {00:21:14}
18. Bxd4 {00:18:30} Bc6 {00:21:18} 19. Qg4 {00:17:09} Bd5 {00:17:34}
20. Be3 {00:15:42} Kh8 {00:17:11} 21. c4 {00:14:53} Bc6 {00:17:06}
22. Bg6 {00:14:20} Qe7 {00:17:14} 23. Bc2 {00:14:09} Qe8 {00:16:48}
24. Rd4 {00:13:36} Ba4 {00:14:07} 25. Bg6 {00:13:21} Qe7 {00:14:09}
26. Qh5 {00:12:46} Be8 {00:11:29} 27. Rad1 {00:09:02} Bxg6
28. Qxg6 {00:09:10} Qf7 {00:11:25} 29. Qe4 {00:08:10} Qf5 {00:11:19}
30. Qxf5 {00:06:35} Rxf5 {00:11:15} 31. f4 {00:06:43} Kg8 {00:11:07}
32. g3 {00:06:12} Re8 {00:11:01} 33. c5 {00:05:52} Nc6 {00:08:31}
34. Rd7 {00:05:41} Rf7 {00:08:20} 35. cxb6 {00:05:39} cxb6 {00:08:07}
36. R7d6 {00:05:13} Na5 {00:07:24} 37. Rc1 {00:05:16} Nb7 {00:07:16}
38. Rd3 {00:05:01} Rd8 {00:06:30} 39. Rxd8+ {00:04:56} Nxd8 {00:06:39}
40. Kg2 {00:04:58} Rd7 {00:06:41} 41. Kf3 {00:05:02} Kf7 {00:06:28}
42. Ke4 {00:04:58} h5 {00:06:24} 43. h3 {00:04:47} Nb7 {00:05:32}
44. g4 {00:04:35} hxg4 45. hxg4 Na5 {00:05:14} 46. f5 {00:04:31} b5 {00:04:46}
47. Rc5 {00:04:02} Rb7 {00:04:32} 48. Rc8 {00:03:45} Ke7 {00:03:48}
49. Bc5+ {00:03:31} Kd7 50. Rg8 {00:03:39} Kc6 {00:02:57}
51. Bb4 {00:03:46} Kb6 {00:02:55} 52. fxe6 {00:03:48} Nc6 {00:03:04}
53. Bd6 {00:03:47} a5 {00:03:13} 54. Kd5 {00:03:18} b4 {00:03:13}
55. axb4 {00:03:26} Nxb4+ {00:02:13} 56. Bxb4 axb4
57. Kd6 {00:02:35} b3 {00:02:14} 58. e7 {00:02:42} b2 {00:02:12}
59. e8=Q {00:02:50} b1=Q {00:02:17} 60. Qc6+ {00:02:57} Ka7
61. Qa4+ {00:03:06} Kb6 {00:02:18} 62. Qd4+ {00:03:14} Kb5 {00:01:56} 63. Qc5+ {00:03:20} 1-0

[Event "UAE GP IQT"]
[Site "Dubai"]
[Date "2002.04.01"]
[Round "02"]
[White "Novik, Maxim"]
[Black "Zeliakov, Nugzar"]
[Result "0-1"]
[WhiteElo "2466"]
[BlackElo "2000"]
[WhiteCountry "RUS"]
[BlackCountry "RUS"]
[Remark "0"]
[Host "KHALED/1"]
[BoardID "621"]
[PresId "0002020102"]

1. e4 {00:25:19} c5 2. c3 {00:25:27} d5 3. exd5 {00:25:35} Qxd5
4. d4 {00:25:44} Nf6 {00:24:06} 5. Nf3 {00:25:42} Bg4 {00:24:13}
6. Be2 {00:24:55} e6 {00:24:18} 7. h3 {00:24:08} Bh5 {00:24:07}
8. O-O {00:22:58} cxd4 {00:23:22} 9. cxd4 {00:23:06} Nc6 {00:23:31}
10. Nc3 {00:23:12} Qd8 {00:23:39} 11. Qb3 {00:21:12} Bxf3 {00:16:43}
12. Bxf3 {00:21:18} Nxd4 {00:16:47} 13. Qxb7 {00:21:14} Nxf3+ {00:16:55}
14. Qxf3 {00:21:12} Rc8 {00:15:41} 15. Rd1 {00:20:09} Qb6 {00:14:04}
16. Be3 {00:19:12} Qa6 {00:14:04} 17. Qg3 {00:15:24} Qb7 {00:11:02}
18. Rd2 {00:13:19} Bb4 {00:07:52} 19. Bd4 {00:10:50} Be7 {00:07:34}
20. Re1 {00:10:19} O-O {00:05:08} 21. Ne4 {00:10:01} Ne8 {00:05:03}
22. Bc3 {00:08:21} Bb4 {00:04:48} 23. Bxg7 {00:03:25} Nxg7 {00:04:57}
24. Nf6+ Kh8 25. Qh4 {00:03:31} h5 {00:05:07}
26. Nxh5 {00:03:22} Nf5 {00:03:57} 27. Qf6+ {00:02:27} Kh7 {00:04:06}
28. Qg5 {00:01:01} Bxd2 {00:03:52} 29. Nf6+ {00:01:07} Kh8 {00:04:00}
30. Qxd2 {00:01:14} Rg8 {00:03:32} 31. Nxg8 {00:00:54} Rxg8 {00:03:41}
32. g3 {00:00:59} Qf3 {00:03:38} 33. Qc3+ {00:00:59} Qxc3
34. bxc3 {00:01:08} Rc8 {00:03:55} 35. Rb1 {00:01:14} Nd6 {00:03:52}
36. Rb3 {00:01:13} Kg7 {00:04:00} 37. Kg2 Kf6 38. Kf3 {00:01:28} Ke5 {00:04:17}
39. Ke3 {00:01:32} Rc5 {00:03:58} 40. Kd3 {00:01:25} Ne4 {00:03:53}
41. f3 {00:00:57} Nxg3 42. Rb7 {00:01:06} Ra5 43. Rxf7 Rxa2 {00:03:59}
44. h4 {00:01:21} Nf5 {00:04:03} 45. h5 {00:01:30} a5 {00:04:11}
46. Ra7 {00:01:37} Kf4 {00:04:12} 47. Ra6 {00:01:42} e5 {00:04:05}
48. h6 {00:01:38} Kxf3 {00:04:13} 49. h7 e4+ 50. Kc4 {00:01:19} Rh2
51. Rxa5 {00:01:38} Ne3+ {00:04:19} 52. Kb3 {00:01:32} Ng4 {00:04:25}
53. Rf5+ {00:01:33} Ke3 {00:04:27} 54. Rf7 {00:01:41} Ne5 {00:04:27}
55. Re7 {00:01:47} Kf4 {00:04:36} 56. c4 {00:01:51} e3
57. Kc3 {00:02:00} e2 {00:04:22} 58. Kd2 {00:02:07} Nf3+ {00:04:30}
59. Kc3 {00:02:14} e1=Q+ {00:04:37} 0-1

[Event "UAE GP IQT"]
[Site "Dubai"]
[Date "2002.04.01"]
[Round "03"]
[White "Zeliakov, Nugzar"]
[Black "Karjakin, Sergey"]
[Result "0-1"]
[WhiteElo "2000"]
[BlackElo "2460"]
[WhiteCountry "RUS"]
[BlackCountry "UKR"]
[Remark "0"]
[Host "KHALED/1"]
[BoardID "621"]
[PresId "0002030101"]
 
1. c4 {00:25:17} e5 {00:24:58} 2. Nc3 {00:25:25} Nc6 {00:25:06} 
3. g3 {00:25:31} g6 4. Bg2 {00:25:39} Bg7 {00:25:22} 
5. e3 {00:25:46} d6 {00:25:28} 6. Nge2 {00:25:54} f5 {00:25:34} 
7. d3 {00:25:24} Nf6 {00:25:36} 8. Rb1 {00:25:25} a5 {00:25:42} 
9. a3 {00:25:33} O-O {00:25:45} 10. b4 {00:25:41} axb4 {00:25:53} 
11. axb4 {00:25:50} Ne7 {00:25:58} 12. b5 {00:25:53} c6 {00:26:03} 
13. bxc6 {00:25:48} bxc6 {00:26:12} 14. O-O {00:22:15} Be6 {00:26:17} 
15. f4 {00:22:04} Nd7 {00:24:54} 16. Kh1 {00:18:05} Qc7 {00:23:24} 
17. Bd2 {00:17:22} Bf7 {00:22:09} 18. Rb4 {00:13:19} Rfb8 {00:19:23} 
19. Qb1 {00:13:25} Nc5 {00:19:10} 20. d4 {00:10:09} Rxb4 
21. Qxb4 {00:10:18} Nd3 {00:18:55} 22. Qb3 {00:09:11} Rb8 {00:18:38} 
23. Qa4 {00:09:01} Nb2 {00:18:28} 24. Qc2 {00:06:36} Nxc4 {00:18:34} 
25. Bc1 {00:06:36} e4 {00:18:31} 26. g4 {00:06:16} d5 {00:18:08} 
27. h3 {00:04:59} Be6 {00:17:52} 28. g5 {00:04:51} c5 {00:17:48} 
29. Rd1 {00:04:36} Nc6 {00:17:01} 30. dxc5 {00:02:35} Nb4 {00:17:09} 
31. Qa4 {00:02:38} Nd3 {00:17:11} 32. Rxd3 {00:01:26} exd3 {00:17:17} 
33. Nxd5 {00:01:34} dxe2 {00:17:11} 34. Nxc7 {00:01:38} e1=Q+ 
35. Kh2 {00:01:46} Bf7 {00:17:13} 36. Qa7 {00:00:34} Rd8 {00:17:00} 0-1

[Event "UAE GP IQT"]
[Site "Dubai"]
[Date "2002.04.02"]
[Round "04"]
[White "Chepukaitis, G"]
[Black "Zeliakov, Nugzar"]
[Result "1-0"]
[WhiteElo "2402"]
[BlackElo "2000"]
[WhiteCountry "RUS"]
[BlackCountry "RUS"]
[Remark "0"]
[Host "KHALED/1"]
[BoardID "466"]
[PresId "0002040102"]

1. d4 Nf6 2. c4 c5 {00:25:19} 3. Nf3 {00:25:04} cxd4 {00:25:27}
4. Nxd4 {00:25:11} e5 {00:25:35} 5. Nf3 {00:25:17} Nc6 {00:25:38}
6. Nc3 {00:23:54} e4 {00:24:43} 7. Nd4 {00:23:55} Bc5 {00:24:10}
8. Nb3 {00:23:42} Bb4 {00:23:21} 9. Bd2 {00:23:29} O-O {00:23:03}
10. e3 {00:23:20} Re8 {00:19:41} 11. a3 {00:23:07} Bf8 {00:19:49}
12. Qc2 {00:23:14} d5 {00:16:07} 13. cxd5 {00:23:17} Nxd5 {00:16:16}
14. O-O-O {00:19:07} Nf6 {00:14:14} 15. h3 {00:17:20} Be6 {00:13:26}
16. Be1 {00:13:00} Qb6 17. Nd2 {00:13:08} Na5 {00:10:50}
18. Na4 {00:11:45} Nb3+ {00:07:32} 19. Nxb3 {00:09:47} Qxb3 {00:07:30}
20. Rd4 {00:08:14} Rac8 {00:06:53} 21. Bc3 {00:05:51} a6 {00:04:40}
22. Qxb3 {00:05:47} Bxb3 {00:04:48} 23. Nb6 {00:05:55} Rc6 {00:04:38}
24. Nc4 {00:03:50} Bxc4 {00:04:16} 25. Rxc4 {00:03:45} Rxc4 {00:04:24}
26. Bxc4 Rc8 27. Ba2 {00:03:50} Bxa3 28. Kb1 Be7 {00:04:15}
29. g4 {00:03:41} Rd8 {00:04:10} 30. Ba5 {00:03:34} Rd3 {00:03:52}
31. Rc1 {00:03:28} g6 {00:03:39} 32. Rc7 {00:03:31} Rd7 {00:03:01}
33. Rc8+ {00:03:30} Kg7 {00:03:09} 34. Bc3 {00:03:34} Rd1+ {00:02:52}
35. Kc2 {00:03:41} Rf1 {00:03:01} 36. g5 {00:03:39} Rxf2+ {00:03:09}
37. Kd1 {00:03:39} Rf3 {00:03:10} 38. Ke2 {00:03:39} Rxh3 {00:03:18}
39. Rc7 {00:03:35} Rh2+ 40. Kf1 {00:03:44} Rh1+ 1-0

[Event "UAE GP IQT"]
[Site "Dubai"]
[Date "2002.04.02"]
[Round "04"]
[White "Karjakin, Sergey"]
[Black "Novik, Maxim"]
[Result "1/2-1/2"]
[WhiteElo "2460"]
[BlackElo "2466"]
[WhiteCountry "UKR"]
[BlackCountry "RUS"]
[Remark "0"]
[Host "KHALED/1"]
[BoardID "621"]
[PresId "0002040101"]

1. e4 {00:25:17} c6 {00:25:19} 2. d4 {00:25:24} d5
3. Nc3 {00:25:33} dxe4 {00:25:36} 4. Nxe4 {00:25:41} Bf5 {00:25:44}
5. Ng3 {00:25:49} Bg6 6. h4 {00:25:58} h6 {00:26:01}
7. Nf3 {00:26:02} Nd7 {00:26:00} 8. h5 {00:26:05} Bh7 {00:26:09}
9. Bd3 {00:26:13} Bxd3 10. Qxd3 {00:26:21} e6 {00:26:14}
11. Bf4 {00:26:25} Qa5+ {00:26:20} 12. Bd2 {00:26:33} Qc7 {00:26:28}
13. O-O-O {00:26:31} Ngf6 {00:26:36} 14. Ne4 {00:26:37} O-O-O {00:26:37}
15. g3 {00:26:43} Be7 {00:26:44} 16. Kb1 {00:25:51} c5 {00:26:41}
17. Bf4 {00:25:34} Qc6 {00:26:24} 18. Nxf6 {00:25:40} Bxf6 {00:26:31}
19. d5 {00:25:26} exd5 {00:26:36} 20. Qxd5 {00:25:35} 1/2-1/2

[Event "UAE GP IQT"]
[Site "Dubai"]
[Date "2002.04.02"]
[Round "05"]
[White "Zeliakov, Nugzar"]
[Black "Novik, Maxim"]
[Result "0-1"]
[WhiteElo "2000"]
[BlackElo "2466"]
[WhiteCountry "RUS"]
[BlackCountry "RUS"]
[Remark "0"]
[Host "KHALED/1"]
[BoardID "466"]
[PresId "0002050102"]

1. d4 {00:25:18} Nf6 2. Nf3 {00:25:26} g6 {00:25:16}
3. Bf4 {00:25:34} Bg7 {00:25:24} 4. e3 {00:25:41} O-O
5. Be2 {00:25:50} c5 {00:25:29} 6. c3 {00:25:58} b6 {00:25:31}
7. O-O {00:26:00} d6 {00:25:04} 8. h3 {00:26:08} Bb7 {00:25:07}
9. Nbd2 {00:26:01} Nbd7 {00:25:11} 10. Re1 {00:25:52} Re8 {00:25:04}
11. Bh2 {00:22:37} Qc8 {00:23:31} 12. a4 {00:21:46} a6 {00:23:23}
13. Bf1 {00:21:45} d5 {00:21:38} 14. Ne5 {00:19:26} Rd8 {00:20:46}
15. Ndf3 {00:18:08} Ne4 {00:18:56} 16. Nxd7 {00:17:38} Qxd7
17. Ne5 {00:17:46} Qe6 {00:17:57} 18. Bd3 {00:16:21} f6 {00:16:38}
19. Nf3 {00:16:06} Qc6 {00:14:55} 20. Nd2 {00:14:29} Nxd2
21. Qxd2 {00:14:38} Qe6 {00:11:56} 22. Qe2 {00:13:50} Rd7 {00:10:34}
23. Bf4 {00:09:16} Qf7 {00:09:29} 24. dxc5 {00:08:04} bxc5 25. e4 {00:08:13} e5
26. Be3 {00:08:22} c4 {00:07:24} 27. Bc2 {00:08:25} d4 {00:07:24}
28. cxd4 {00:07:04} exd4 {00:07:32} 29. Red1 {00:07:05} dxe3 {00:07:10}
30. Rxd7 {00:07:11} exf2+ 31. Kxf2 {00:07:20} Qxd7 {00:07:05}
32. Qxc4+ {00:07:28} Kh8 {00:06:34} 33. Rd1 {00:05:20} Qe7 {00:06:40}
34. Qd3 {00:03:38} Re8 {00:06:26} 0-1

[Event "UAE GP IQT"]
[Site "Dubai"]
[Date "2002.04.02"]
[Round "05"]
[White "Chepukaitis, G"]
[Black "Karjakin, Sergey"]
[Result "0-1"]
[WhiteElo "2402"]
[BlackElo "2460"]
[WhiteCountry "RUS"]
[BlackCountry "UKR"]
[Remark "0"]
[Host "KHALED/1"]
[BoardID "621"]
[PresId "0002050101"]

1. d4 {00:25:17} d5 {00:25:19} 2. Bg5 {00:25:17} h6 {00:25:27}
3. Bh4 {00:25:24} c6 {00:25:36} 4. c4 {00:25:22} dxc4 {00:25:43}
5. a4 {00:25:29} Qb6 {00:25:51} 6. Qd2 {00:25:36} e5 {00:25:54}
7. dxe5 {00:24:36} Bb4 {00:26:02} 8. Nc3 {00:24:43} Be6 {00:26:06}
9. f4 {00:24:30} g5 {00:23:02} 10. Bf2 {00:24:37} Qa5 {00:22:55}
11. Nf3 {00:24:20} gxf4 {00:22:07} 12. Nd4 {00:24:08} Nd7 {00:21:45}
13. g3 {00:21:22} fxg3 {00:20:39} 14. Bxg3 {00:21:22} Nc5 {00:18:31}
15. Bg2 {00:19:21} O-O-O {00:18:07} 16. O-O {00:17:06} Nb3 {00:16:49}
17. Nxb3 {00:17:13} cxb3 {00:16:57} 18. Qc1 {00:16:41} Bxc3 {00:16:55}
19. Qxc3 {00:14:32} Qxc3 20. bxc3 {00:14:41} Ne7 {00:16:45}
21. a5 {00:12:23} Rd2 {00:16:21} 22. a6 {00:10:59} b6 {00:16:15}
23. Kf2 {00:10:27} Rhd8 {00:14:05} 24. Be4 {00:05:44} Nd5 {00:11:22}
25. c4 {00:02:06} Nc3 {00:11:22} 26. Bxc6 {00:02:01} b2 {00:11:23}
27. Rae1 {00:02:03} Nd1+ {00:11:26} 28. Rxd1 {00:01:56} Rxd1 {00:11:34}
29. Be4 {00:02:03} Rxf1+ {00:11:40} 30. Kxf1 {00:02:11} b1=Q+ {00:11:46}
31. Bxb1 {00:02:19} Rd1+ 32. Kf2 Rxb1 {00:12:03} 0-1

[Event "UAE GP IQT"]
[Site "Dubai"]
[Date "2002.04.02"]
[Round "06"]
[White "Karjakin, Sergey"]
[Black "Zeliakov, Nugzar"]
[Result "1-0"]
[WhiteElo "2460"]
[BlackElo "2000"]
[WhiteCountry "UKR"]
[BlackCountry "RUS"]
[Remark "0"]
[Host "KHALED/1"]
[BoardID "466"]
[PresId "0002060101"]

1. e4 {00:25:18} c5 2. Nf3 {00:25:26} d6 {00:25:28} 3. d4 {00:25:33} cxd4
4. Nxd4 {00:25:42} Nf6 {00:25:44} 5. Nc3 {00:25:49} g6 {00:25:51}
6. Be3 {00:25:57} Bg7 {00:26:00} 7. f3 Nc6 8. Qd2 {00:26:12} O-O
9. Bc4 {00:26:20} Bd7 {00:26:27} 10. O-O-O Rc8
11. Bb3 {00:26:34} Ne5 {00:26:46} 12. Kb1 {00:26:40} Re8 {00:26:55}
13. Bh6 {00:26:15} Bxh6 {00:26:59} 14. Qxh6 {00:26:22} Rxc3 {00:27:08}
15. bxc3 {00:26:25} Qc7 {00:27:13} 16. h4 {00:23:33} Qxc3 {00:26:38}
17. h5 {00:23:21} Nc4 {00:26:41} 18. Qc1 {00:17:08} Rc8 {00:23:10}
19. hxg6 {00:16:22} fxg6 {00:22:01} 20. Ne2 {00:13:21} Qb4 {00:20:16}
21. Nf4 {00:13:00} a5 {00:18:59} 22. Nd3 {00:11:36} Qb6 {00:15:35}
23. e5 {00:10:33} dxe5 {00:14:54} 24. Nxe5 {00:10:27} Be6 {00:12:04}
25. Nxc4 {00:10:32} Bxc4 {00:12:13} 26. Qb2 {00:10:36} Qc5 {00:11:22}
27. Bxc4+ {00:10:27} Qxc4 {00:11:31} 28. Qb3 {00:10:35} a4 {00:11:02}
29. Qxc4+ Rxc4 30. Rhe1 {00:10:44} Kf7 {00:11:08}
31. a3 {00:10:47} Rc5 {00:10:45} 32. Rd4 b5 {00:10:48}
33. Kb2 {00:09:59} Nd5 {00:10:05} 34. Re5 {00:09:19} e6 {00:10:13}
35. g4 {00:09:09} Kf6 {00:08:26} 36. Rde4 {00:08:56} Rc6 {00:08:14}
37. g5+ {00:08:22} Kf7 {00:08:23} 38. Rh4 {00:08:29} Kg7 {00:08:31}
39. Re1 {00:08:22} Kg8 {00:07:42} 40. Rhe4 {00:08:14} Kf7 {00:07:42}
41. Rc1 {00:08:12} Rc3 {00:04:48} 42. Rh1 {00:07:50} Rxf3 {00:02:58}
43. Rxh7+ Kg8 44. Rb7 {00:07:52} b4 {00:03:03}
45. Rxe6 {00:06:47} bxa3+ {00:03:08} 46. Ka2 {00:06:55} Nc3+ {00:02:03}
47. Kxa3 {00:07:01} Ne4+ {00:02:12} 48. Kb4 {00:07:04} Nxg5 {00:01:52}
49. Rxg6+ {00:07:08} Kf8 {00:01:57} 50. Rxg5 {00:07:14} 1-0

[Event "UAE GP IQT"]
[Site "Dubai"]
[Date "2002.04.02"]
[Round "06"]
[White "Novik, Maxim"]
[Black "Chepukaitis, G"]
[Result "1-0"]
[WhiteElo "2466"]
[BlackElo "2402"]
[WhiteCountry "RUS"]
[BlackCountry "RUS"]
[Remark "0"]
[Host "KHALED/1"]
[BoardID "621"]
[PresId "0002060102"]

1. e4 {00:25:18} e5 {00:24:55} 2. Nf3 {00:25:19} d6 {00:24:58}
3. Bc4 {00:24:47} Nf6 {00:24:02} 4. Ng5 {00:22:52} d5 {00:24:09}
5. exd5 {00:22:48} h6 {00:24:11} 6. Nf3 {00:22:36} e4 {00:23:35}
7. Qe2 {00:21:15} Bb4 {00:20:48} 8. c3 {00:18:44} O-O {00:20:49}
9. Nd4 {00:17:34} Bg4 {00:20:48} 10. Qe3 {00:17:13} Bc5 {00:20:56}
11. O-O {00:16:34} Re8 {00:21:02} 12. d3 {00:15:28} Nbd7 {00:20:12}
13. Qg3 {00:13:19} Ne5 {00:16:11} 14. h3 {00:11:23} Bd6 {00:12:00}
15. hxg4 {00:09:45} Nxc4 {00:11:42} 16. Qh3 {00:09:08} exd3 {00:11:34}
17. g5 {00:09:12} hxg5 {00:10:36} 18. Bxg5 {00:09:08} Re5 {00:09:16}
19. Nf3 {00:04:52} Rxd5 {00:09:13} 20. b3 {00:04:41} Ne5 {00:09:08}
21. Nbd2 {00:04:46} Qd7 {00:07:39} 22. Qxd7 {00:03:10} Nxf3+ {00:06:05}
23. Nxf3 {00:03:15} Nxd7 {00:06:14} 24. c4 {00:01:52} Rf5 {00:06:22}
25. Rad1 {00:01:48} Ne5 {00:05:06} 26. Nxe5 {00:01:05} Bxe5 {00:05:08}
27. Be3 {00:00:15} Rd8 {00:04:27} 28. g4 {00:00:24} Rf6 {00:02:31}
29. Bg5 {00:00:32} a5 {00:02:30} 30. Bxf6 {00:00:39} Bxf6 {00:02:24}
31. Rfe1 {00:00:22} d2 {00:01:53} 32. Re3 {00:00:24} Rd7 {00:01:50}
33. Kf1 {00:00:32} Bb2 {00:01:51} 34. Ke2 {00:00:36} Bc1 {00:01:52}
35. f4 {00:00:28} f6 {00:01:26} 36. Rd3 {00:00:34} Re7+
37. Re3 {00:00:43} Rf7 {00:00:56} 38. Re8+ Kh7
39. Rh1+ {00:00:39} Kg6 {00:01:12} 40. f5+ {00:00:34} Kg5 {00:01:11} 41. Kf3 {00:00:42} 1-0